|
|
|
|
| LEADER |
00000nam0a2200000 4500 |
| 001 |
178181 |
| 005 |
20231031165829.0 |
| 035 |
|
|
|a (RuTPU)RU\TPU\book\193170
|
| 090 |
|
|
|a 178181
|
| 100 |
|
|
|a 20100402d1976 k y0rusy50 ca
|
| 101 |
0 |
|
|a rus
|
| 102 |
|
|
|a RU
|
| 105 |
|
|
|a y z 001zy
|
| 200 |
1 |
|
|a Основы теории предельной корректности
|f А. Н. Панченков
|g Академия наук СССР (АН СССР), Сибирское отделение (СО), Сибирский энергетический институт им. Л. А. Мелентьева (СИЭ)
|
| 210 |
|
|
|a Москва
|c Наука
|d 1976
|
| 215 |
|
|
|a 240 с.
|c ил.
|
| 320 |
|
|
|a Библиогр.: с. 232-236.
|
| 610 |
1 |
|
|a асимптотические методы
|
| 610 |
1 |
|
|a классификация
|
| 610 |
1 |
|
|a метод функциональных параметров
|
| 610 |
1 |
|
|a асимптотическое программирование
|
| 610 |
1 |
|
|a классы
|
| 610 |
1 |
|
|a анализ
|
| 610 |
1 |
|
|a корректность
|
| 610 |
1 |
|
|a теории
|
| 675 |
|
|
|a 517.52
|v 3
|
| 700 |
|
1 |
|a Панченков
|b А. Н.
|g Анатолий Николаевич
|
| 712 |
0 |
2 |
|a Академия наук СССР (АН СССР)
|b Сибирское отделение (СО)
|b Сибирский энергетический институт им. Л. А. Мелентьева (СИЭ)
|c (Иркутск)
|c (1960-1991)
|2 stltpush
|3 (RuTPU)RU\TPU\col\11908
|
| 801 |
|
1 |
|a RU
|b 63413507
|c 20100402
|
| 801 |
|
2 |
|a RU
|b 63413507
|c 20140320
|g RCR
|
| 942 |
|
|
|c BK
|